书目信息 |
| 题名: |
自然科学书目学
|
|
| 作者: | 加斯特费尔 编著 | |
| 分册: | ||
| 出版信息: | 北京 科学技术文献出版社 |
|
| 页数: | 230页 | |
| 开本: | 19cm | |
| 丛书名: | ||
| 单 册: | ||
| 中图分类: | G257.36 | |
| 科图分类: | ||
| 主题词: | 图书馆学 , 图书馆事业 | |
| 电子资源: | ||
| ISBN: | 7-5023-0941-1 | |
| 000 | 00636nam0 2200217 45 | |
| 001 | 0404241619 | |
| 005 | 20040424161431.1 | |
| 010 | @a7-5023-0941-1@dCNY3.60 | |
| 100 | @a20040424d km y0chiy0120 ea | |
| 101 | 0 | @achi |
| 105 | @a z 000yy | |
| 200 | 1 | @a自然科学书目学@AZi Ran Ke Xue Shu Mu Xue@f(苏)M·П·加斯特费尔等编著@F(Su)M·П·Jia Si Te Fei Er Deng Bian Zhu |
| 210 | @a北京@c科学技术文献出版社 | |
| 215 | @a230页@d19cm | |
| 300 | @a参考资料目录 | |
| 606 | 0 | @a图书馆学 |
| 606 | 0 | @a图书馆事业 |
| 690 | @aG257.36@v3 | |
| 701 | 0 | @a加斯特费尔@4编著 |
| 801 | @aCN@bPftUser@c20040424 | |
| 905 | @f1@b231889@dG257.36@e26 | |
| 自然科学书目学/(苏)M·П·加斯特费尔等编著.-北京:科学技术文献出版社 |
| 230页;19cm |
| 参考资料目录 |
| ISBN 7-5023-0941-1:CNY3.60 |
| ● |
| 相关链接 |
|
|
|
|
正题名:自然科学书目学
索取号:G257.36/26
 
预约/预借
| 序号 | 登录号 | 条形码 | 馆藏地/架位号 | 状态 | 备注 |
| 1 | 0231889 | 000215680 | 第四借阅区/ [索取号:G257.36/26] | 在馆 |